Vybrané problémy zdaňovania príjmov fyzických osôb bakalárska práca

Na minha lista:
Detalhes bibliográficos
Autor principal: Šmelková, Mária
Autor Corporativo: Národohospodárska fakulta EU. Katedra financií
Outros Autores: Péliová, Jana, 1976-
Formato: Livro
Idioma:eslovaco
Publicado em: Bratislava 2009
Tags: Adicionar Tag
Sem tags, seja o primeiro a adicionar uma tag!

MARC

LEADER 00000nam$a2200000$$$4500
001 0103767
005 20240318141603.1
041 0 |a slo 
044 |a SK 
245 1 0 |a Vybrané problémy zdaňovania príjmov fyzických osôb  |b bakalárska práca  |c Mária Šmelková ; škol. Jana Péliová 
264 1 |a Bratislava  |c 2009 
300 |a 70 s. 
100 1 |a Šmelková, Mária 
700 1 |a Péliová, Jana, 1976- 
710 2 |a Národohospodárska fakulta EU. Katedra financií